书目信息 |
| 题名: |
西安建筑图说
|
|
| 作者: | 樊宏康 主编 ;建筑创作杂志社 承编 | |
| 分册: | ||
| 出版信息: | 北京 机械工业出版社 2006.03 |
|
| 页数: | 207页 | |
| 开本: | 21×22cm | |
| 丛书名: | ||
| 单 册: | ||
| 中图分类: | TU881.2 | |
| 科图分类: | ||
| 主题词: | 建筑艺术--jian zhu yi shu--西安市--图集 | |
| 电子资源: | ||
| ISBN: | 7-111-18742-3 | |
| 000 | 01012nam0 2200241 450 | |
| 001 | 012006168406 | |
| 005 | 20060921091509.60 | |
| 010 | @a7-111-18742-3@dCNY68.00 | |
| 100 | @a20060625d2006 km y0chiy0120 ea | |
| 101 | 0 | @achi |
| 102 | @aCN@b110000 | |
| 105 | @aa a 000yy | |
| 200 | 1 | @a西安建筑图说@Axi an jian zhu tu shuo@f樊宏康主编@Ffan hong kang zhu bian@g《建筑创作》杂志社承编@G《jian zhu chuang zuo》za zhi she cheng bian |
| 210 | @a北京@c机械工业出版社@d2006.03 | |
| 215 | @a207页@c图@d21×22cm | |
| 320 | @a有书目 (第207页)。 | |
| 330 | @a本书上溯100年,依年代顺序,依次对西安各个时期的100座代表性建筑进行了精到的介绍和描述。全书展现了西安城市及建筑的独特风貌和发展脉络,使读者从中理解到千年古都西安厚重、雄浑的城市文化及其在中国历史发展。 | |
| 606 | 0 | @a建筑艺术@Ajian zhu yi shu@y西安市@j图集 |
| 690 | @aTU881.2@v4 | |
| 701 | 0 | @a樊宏康@Afan hong kang@4主编 |
| 711 | 02 | @a建筑创作杂志社@Ajian zhu chuang zuo za zhi she@4承编 |
| 801 | 0 | @aCN@bQSSK@c20060921 |
| 905 | @a10447@dTU881.2@eF061 | |
| 西安建筑图说/樊宏康主编/《建筑创作》杂志社承编.-北京:机械工业出版社,2006.03 |
| 207页:图;21×22cm |
| ISBN 7-111-18742-3:CNY68.00 |
| 本书上溯100年,依年代顺序,依次对西安各个时期的100座代表性建筑进行了精到的介绍和描述。全书展现了西安城市及建筑的独特风貌和发展脉络,使读者从中理解到千年古都西安厚重、雄浑的城市文化及其在中国历史发展。 |
| ● |
| 相关链接 |
|
|
|
正题名:西安建筑图说
索取号:TU881.2/F061
 
预约/预借
| 序号 | 登录号 | 条形码 | 馆藏地/架位号 | 状态 | 备注 |
| 1 | 591191 | 205911913 | 建筑库201/101建筑库 22排3列5层/ [索取号:TU881.2/F061] | 在馆 | |
| 2 | 591192 | 205911922 | 建筑库201/ [索取号:TU881.2/F061] | 在馆 | |
| 3 | 591193 | 205911931 | 建筑库201/101建筑库 22排3列5层/ [索取号:TU881.2/F061] | 在馆 |